Normal view
MARC view
- الخراز، أبي سعيد؛ عبد الحليم محمود
Entry Personal Name
001 - CONTROL NUMBER
- control field: 39443
003 - CONTROL NUMBER IDENTIFIER
- control field: JO-AjAnu
005 - DATE AND TIME OF LATEST TRANSACTION
- control field: 20230606080547.0
008 - FIXED-LENGTH DATA ELEMENTS
- fixed length control field: 230606|| aca||aabn | a|a d
040 ## - CATALOGING SOURCE
- Original cataloging agency: JO-AjAnu
- Transcribing agency: JO-AjAnu
100 ## - HEADING--PERSONAL NAME
- Personal name: الخراز، أبي سعيد؛ عبد الحليم محمود
670 ## - SOURCE DATA FOUND
- Source citation: Work cat.: (JO-AjAnu)20226: الخراز، أبي سعيد؛ عبد الحليم محمود, author, الطريق الى الله : كتاب الصدق لأبي سعيد الخراز